| 000 | 00438cam a22001217a 4500 | ||
|---|---|---|---|
| 008 | 180718b1963 xxu||||| |||| 00| 0 eng d | ||
| 082 | _aA81x54 In2/61/16/Pt 6/3 | ||
| 100 | _aCensus of India 1961 | ||
| 245 | _aWest Bengal: village survey monographs of district-Hoogly, police station-Polba | ||
| 260 |
_aDelhi _bThe Manager of Publications _c1963 |
||
| 300 | _a35+p. | ||
| 440 | _aCensus of India 1961. Volume XVI, West Bengal. Part VI. No.3 | ||
| 999 |
_c484632 _d484632 |
||